Loading...
| Philosophy | 0 | 4 | 2 | 0 | 30 | 23 | 81.00 | 2 | 2 | 14.57 | 27.27 |
| Science - Other | 0 | 4 | 4 | 2 | 20 | 13 | 82.25 | 1 | 2 | 13.05 | 20.91 |
| Social Science | 0 | 3 | 3 | 0 | 15 | 76 | 96.00 | 0 | 2 | 5.44 | 16.36 |
| Science - Chemistry | 0 | 2 | 1 | 0 | 15 | 73 | 81.00 | 0 | 2 | 6.45 | 15.45 |
| Mythology | 0 | 1 | 0 | 0 | 10 | 125 | 125.00 | 0 | 0 | 0.55 | 2.73 |
| Other Academic | 0 | 1 | 0 | 0 | 10 | 15 | 15.00 | 0 | 1 | 29.66 | 13.33 |
| Fine Arts - Painting and Sculpture | 0 | 1 | 0 | 0 | 10 | 114 | 114.00 | 0 | 0 | 1.18 | 5.45 |
| Science - Physics | 0 | 2 | 2 | 0 | 10 | 97 | 110.50 | 0 | 0 | 1.55 | 4.55 |
| Science - Biology | 0 | 1 | 0 | 0 | 10 | 111 | 111.00 | 0 | 0 | 0.82 | 6.36 |
| Fine Arts - Classical Music | 0 | 1 | 0 | 0 | 10 | 116 | 116.00 | 0 | 0 | 1.16 | 1.82 |
| History - World | 0 | 1 | 1 | 0 | 5 | 83 | 83.00 | 0 | 0 | 3.33 | 3.64 |
| Literature - World | 0 | 0 | 1 | 0 | -5 | 0.00 | 0 | 0 | 0.00 | 0.00 |